| 000 | 01080nam a22001817a 4500 | ||
|---|---|---|---|
| 003 | IT-RoPau | ||
| 005 | 20220918175937.0 | ||
| 008 | 130108b xxu||||| |||| 00| 0 eng d | ||
| 040 | _cIT-RoPau | ||
| 100 |
_aAlberione [James] Giacomo _qFondatore Famiglia Paolina _9115 |
||
| 245 |
_aCall to total consecration. _bRev. James Alberione, S.S.P, S.T.D |
||
| 250 | _aI | ||
| 260 |
_aBoston _bFSP _c1974 |
||
| 300 |
_a94 p. _c18,5 cm |
||
| 490 |
_aST. Paul Edition _vI |
||
| 520 | _a CONTENTS Foreword 1. The Closer Following of Christ 2. A Narrower Path and the Hundredfold 3. Response of Courage 4. Powerful Aids to Reaching the Goal 5. The Greatest Love 6. The Poverty of Christ - A Liberation 7. "Yes " to the Will of the Father 8. Unity in Heart and Soul 9. Christ's Reward to His Followers 10. The Strength To Love 11. "Rejoice in the Lord Always!" 12. Dedicated to the Needs of Men 13. Centering the Mind in God 14. Mary, Queen of Apostles 15. The Best Choise Prayer for Vocations Prayer for One's Own Vocation | ||
| 942 |
_2ddc _cBK |
||
| 999 |
_c37716 _d37716 |
||